[Event "Erkel Memorial op"]
[Site "Gyula"]
[Date "2001.11.03"]
[Round "5"]
[White "Gyebnar, Gyula"]
[Black "Wimmer, Juergen"]
[Result "1/2-1/2"]
[WhiteElo "2164"]
[BlackElo "2046"]
[PlyCount "37"]
[EventDate "2001.10.30"]
[EventType "swiss"]
[EventRounds "9"]
[EventCountry "HUN"]
[SourceTitle "EXT 2008"]
[Source "ChessBase"]
[SourceDate "2007.11.25"]
[SourceVersion "1"]
[SourceVersionDate "2007.11.25"]
[SourceQuality "1"]

1. d4 d5 2. c4 c6 3. e3 Nf6 4. Nc3 e6 5. Nf3 Be7 6. Bd3 0-0 7. 0-0 Nbd7 8. Qc2 dxc4 9. Bxc4 b5 10. Be2 Bb7 11. b3 a6 12. Bb2 c5 13. dxc5 Nxc5 14. Rac1 Rc8 15. Rfd1 Qb6 16. Qb1 Rfd8 17. Rxd8+ Rxd8 18. Rd1 Rxd1+ 19. Qxd1 1/2-1/2